| 000 | 00412nam a22001697a 4500 | ||
|---|---|---|---|
| 003 | OSt | ||
| 005 | 20211007154457.0 | ||
| 008 | 211007b |||||||| |||| 00| 0 eng d | ||
| 020 | _a089859300 | ||
| 040 | _cHU | ||
| 082 | _a155.418/CHI | ||
| 100 |
_aTHOMAS D. YAWKEY _911370 |
||
| 245 | _aCHILD'S PLAY DEVELOPMENTAL AND APPLIED | ||
| 260 |
_aNEW JERSEY _bLEA _c1984 |
||
| 300 | _a387P | ||
| 942 |
_2ddc _cBOOKS _n0 |
||
| 999 |
_c10512 _d10512 |
||